| 000 | 00514nam a2200193Ia 4500 | ||
|---|---|---|---|
| 005 | 20240823041254.0 | ||
| 008 | 240823s9999||||xx |||||||||||||| ||und|| | ||
| 020 | _a81-85843-81-3 | ||
| 041 | _aENGLISH | ||
| 082 | _A181.4 Q1 | ||
| 100 | _aDasGupta R K | ||
| 245 | 0 | _aSwami Vivekananda on indian Philosophy and literature | |
| 250 | _a3rd | ||
| 260 |
_c2011 _bSwami Sarvabhuta |
||
| 500 | _aYES | ||
| 650 |
_aSwami Vivekananda on Indian Philosophy and Literature _bEnglish |
||
| 942 | _cBK | ||
| 999 |
_c205104 _d205104 |
||